| 000 | 00625nam a2200205Ia 4500 | ||
|---|---|---|---|
| 003 | GCL | ||
| 008 | 140319s9999 xx 000 0 ara d | ||
| 040 |
_aGCL / _cGCL |
||
| 082 | 0 | 4 |
_a272.29 _bف د |
| 100 | 1 | _aفريد حبيب | |
| 245 | 1 | 0 |
_aدراسة فى استير / _cفريد حبيب |
| 260 |
_a[S.N] : _bدار الثقافة العربية ، _c1986 |
||
| 300 | _a77 ص | ||
| 490 |
_aسلسلة كتب الدراسة الكتابية _v0 |
||
| 650 | 0 | 4 | _aاليهودية |
| 650 | 0 | 4 | _aالعهد القديم |
| 650 | 0 | 4 | _aالتوراة |
| 650 | 0 | 4 | _aالمسيحية واليهودية |
| 942 |
_2ddc _cBK |
||
| 999 |
_c54852 _d54852 |
||